Choitali (Record no. 6879)

MARC details
000 -LEADER
fixed length control field 00497cam a2200205ua 4500
001 - CONTROL NUMBER
control field 7763
005 - DATE AND TIME OF LATEST TRANSACTION
control field 20260515114244.0
008 - FIXED-LENGTH DATA ELEMENTS--GENERAL INFORMATION
fixed length control field 141224n ii |||gr||||Z||||||ben
040 ## - CATALOGING SOURCE
Transcribing agency MAIN
041 ## - LANGUAGE CODE
Language code of text/sound track or separate title ben
082 ## - DEWEY DECIMAL CLASSIFICATION NUMBER
Classification number 891.441
100 ## - MAIN ENTRY--PERSONAL NAME
Personal name Tagore, R.,
Relator term Author.
245 ## - TITLE STATEMENT
Title Choitali
Statement of responsibility, etc. By Rabindranath Tagore
250 ## - EDITION STATEMENT
Edition statement 1st.
260 ## - PUBLICATION, DISTRIBUTION, ETC.
Place of publication, distribution, etc. Kolkatta:
Name of publisher, distributor, etc. Biswabharati,
Date of publication, distribution, etc. 1964.
300 ## - PHYSICAL DESCRIPTION
Extent 103p.
653 ## - INDEX TERM--UNCONTROLLED
Uncontrolled term East Indo-European & Celtic literatures
653 ## - INDEX TERM--UNCONTROLLED
Uncontrolled term Bengali poems
942 ## - ADDED ENTRY ELEMENTS (KOHA)
Koha item type Books
Holdings
Withdrawn status Lost status Damaged status Not for loan Home library Current library Date acquired Total checkouts Full call number Barcode Date last seen Copy number Price effective from Koha item type
        Naharkatiya College Library Naharkatiya College Library 09/19/2020   891.441 | TAG 12399 09/19/2020 2 09/19/2020 Books
        Naharkatiya College Library Naharkatiya College Library 09/19/2020   891.441 | TAG 12530 09/19/2020 1 09/19/2020 Books